Statistics for English Football teams (Most Seasons in the Top Division)

Click here to take the quiz!

General Stats

  • This quiz has been taken 53 times
  • The average score is 15 of 20

Answer Stats

HintAnswer% Correct
9Chelsea (86)
100%
5Manchester United (96)
100%
3Liverpool (106)
98%
4Arsenal (104)
96%
1Everton (118 seasons)
96%
8Tottenham Hotspur (86)
96%
6Manchester City (92)
91%
2Aston Villa (107)
89%
7Newcastle (89)
87%
17West Ham United (63)
85%
14Wolverhampton Wanderers (66)
85%
10Sunderland (86)
83%
13Blackburn Rovers (72)
70%
18Sheffield United (62)
66%
15Sheffield Wednesday (66)
66%
11West Bromwich Albion (82)
66%
19Stoke City (62)
53%
16Derby County (65)
51%
12Bolton Wanderers (73)
49%
20Middlesborough (61)
13%

Score Distribution

Percentile by Number Answered

Percent of People with Each Score

Your Score History

You have not taken this quiz